Регионална библиотека "Любен Каравелов" - Русе

Зигмунд Фройд - биография (Запис номер 330193)

MARC детайли
000 -Лидер
Контролно поле с фиксирана дължина nam a22 a 4500
003 - Код на организацията, давaща контролен номер
Контролно поле BLK
005 - Дата и час на последна редакция
Контролно поле 20230214094150.0
008 - Елементи от данни с фиксирана дължина
fixed length control field 180411b bul|||||r ||||||| ||bul||
010 ## - Наследен системен номер
LC control number KNG00193927000
020 ## - Международен стандартен номер на книга ISBN
Международен стандартен номер на книга ISBN 978-954-733-977-4
040 ## - Източник на каталожния запис
Идентификатор на билиотеката - собственик на записа BLK
041 ## - Код за език
Код за езика на текст/звукозапис или на отделно заглавие Български
Код за езика КДБФ Български
072 #7 - Код за тематичната категория
Код организация bullib
Код за тематична категория Н15
Текст Психология Н
080 ## - УДК
Текстов определител УДК Психоанализа
УДК код - определител по УДК 159.964.2
УДК определител (436)(092)
УДК - код + определител 159.964.2(436)(092)
080 ## - УДК
Текстов определител УДК Ортодоксална психоанализа. Учение на Фройд. Активна психоанализа (по Щекел), нео-психоанализа
УДК код - определител по УДК 615.851.134
УДК определител (436)(092)
УДК - код + определител 615.851.134(436)(092)
080 ## - УДК
Текстов определител УДК Австрийски психолог и психиатър
УДК код - определител по УДК 929 Фройд, Зигмунд
УДК - код + определител 929 Фройд, Зигмунд
100 ## - Редна дума - Автор
Автор Рудинеско, Елизабет
Авторска отговорност първи автор
R(LIN) 1299
139 ## - Редно поле
Редна дума Фройд, Зигмунд
Авторски знак Фро - Ф 85
245 10 - Сведения за заглавието
Заглавие Зигмунд Фройд - биография
Редно поле (дума) Елизабет Рудинеско; прев. от нем. Евгения Грекова
257 ## - Страна на издаване
Страна на създаване/издаване Германия
260 ## - Област на издателските данни
Име на издателя, разпространителя и проч. Прозорец
Година на издаване 2018
9 (RLIN) 209461
Място на издаване, разпространение и проч. София
300 ## - Физическа характеристика
Страници 495 с.
Илюстрации и др. с ил., портр., сх.
Размери/Мащаб 20 см
380 ## - Жанр
Жанр Философия
600 14 - Име на лице, използвано като предмет
За него / За нея Фройд, Зигмунд
9 (RLIN) 244303
650 #4 - Допълнително описание по предмет – тема
Основно описание – тема или топоним Фройдизъм
9 (RLIN) 176215
650 #4 - Допълнително описание по предмет – тема
Основно описание – тема или топоним Фройд, Зигмунд
9 (RLIN) 244303
653 ## - Ключова дума – ненормативна
Ключова дума фройдизъм
653 ## - Ключова дума – ненормативна
Ключова дума Зигмунд Фройд
659 ## - Тематичен бюлетин
Тематичен бюлетин Н
700 ## - Други автори (авторска отговорност)
Лично име Грекова, Евгения
Автороска отговорност (Описва отношението между автора и произведението) прев.
9 (RLIN) 966
852 ## - Местоположение
Фондова буква Заемна - подръчен фонд
Систематично-азбучна сигнатура П 159.96/Ф
852 ## - Местоположение
Фондова буква Хранилище
Форматна сигнатура Цб 295126
856 4# - Електронен адрес и достъп
Електронен формат pdf - файл
856 4# - Електронен адрес и достъп
Електронен формат pdf - файл
999 ## - СИСТЕМНИ КОНТРОЛНИ НОМЕРА
Koha biblionumber 330193
Koha biblioitemnumber 330193
942 ## - АРТИКУЛИ
Вид на библиотечния материал Книги
Скрит в OPAC Не
Koha issues (borrowed), all copies 5
999 ## - СИСТЕМНИ КОНТРОЛНИ НОМЕРА
Koha biblioitemnumber 330193
999 ## - СИСТЕМНИ КОНТРОЛНИ НОМЕРА
Koha biblioitemnumber 330193
Наличности
Код за отписване Код за изгубен артикул Източник на класификационната схема Код за повреда Код за отдаване Артикулен № Име на библиотеката - собственик Име на библиотеката, в която се намира в момента Статус (Текущо местоположение) Дата на вписване в системата Местоположение - отдел Цена в лева Систематично азбучна сигнатура Баркод Цена в евро Служебен тип на артикула Коз за рестрикции
  Не е изгубен Universal Decimal Classification Не е повреден заемане за дома 701369 Регионална библиотека "Любен Каравелов" Русе Регионална библиотека "Любен Каравелов" Русе Заемна - подръчен фонд 2019-04-15 Заемна - подръчен фонд 21.76 П 159.964.2(092)/Ф 85-З 120000831280 11.13 Книги  
  Не е изгубен Universal Decimal Classification Не е повреден ползва се в читалня 722065 Регионална библиотека "Любен Каравелов" Русе Регионална библиотека "Любен Каравелов" Русе Хранилище 2019-06-17 Хранилище 29.00 Цб 295126 120000832491 14.83 Книги без рестрикции
Vip Innovations Ltd, Rousse, Bulgaria 2025